| Tag |
First Indicator |
Second Indicator |
Subfields |
| LEADER |
00000cam a22000001a 4500 |
| 001 |
in00003208367 |
| 006 |
m d f |
| 007 |
cr bn mmmapmmp |
| 008 |
090922s1973 dcu o f000 0 eng d |
| 005 |
20260504195434.2 |
| 035 |
|
|
|a cis2007438324
|
| 040 |
|
|
|a UMI
|c UMI
|d UtOrBLW
|
| 043 |
|
|
|a n-us---
|
| 086 |
0 |
|
|a Y 4.P 84/11:N 72/973
|
| 099 |
|
|
|a HRG-1973-POS-0018
|
| 110 |
1 |
|
|a United States.
|b Congress.
|b Senate.
|b Committee on Post Office and Civil Service.
|
| 245 |
1 |
0 |
|a Reappointment and nomination :
|b hearing, Ninety-third Congress, first session, on reappointment of Robert E. Hampton to be U.S. Civil Service Commissioner and nomination of Vincent P. Barabba to be Director, Bureau of the Census, June 20, 1973.
|
| 264 |
|
1 |
|a Washington :
|b U.S. Govt. Print. Off,
|c 1973.
|
| 300 |
|
|
|a 1 online resource.
|
| 336 |
|
|
|a text
|b txt
|2 rdacontent
|
| 337 |
|
|
|a computer
|b c
|2 rdamedia
|
| 338 |
|
|
|a online resource
|b cr
|2 rdacarrier
|
| 538 |
|
|
|a System requirements: PDF reader software.
|
| 500 |
|
|
|a Electronic resource.
|
| 600 |
1 |
0 |
|a Hampton, Robert E.
|q (Robert Edward),
|d 1922-
|
| 600 |
1 |
0 |
|a Barabba, Vincent P.,
|d 1934-
|
| 655 |
|
7 |
|a Electronic books.
|2 local
|
| 710 |
2 |
|
|a ProQuest (Firm)
|
| 776 |
0 |
8 |
|i Print version:
|a United States. Congress. Senate. Committee on Post Office and Civil Service.
|t Reappointment and nomination
|w (DLC)73602593 //r93
|
| 776 |
0 |
8 |
|i Microfiche version:
|a United States. Congress. Senate. Committee on Post Office and Civil Service.
|t Reappointment and nomination.
|d [Bethesda, Md.] : ProQuest,[2004]
|o CIS 73 S621-9
|w (ProQuest)cis07301455
|
| 830 |
|
0 |
|a U.S. Congressional Hearings.
|
| 856 |
4 |
0 |
|u http://proxy.library.tamu.edu/login?url=https://congressional.proquest.com/congcomp/getdoc?HEARING-ID=HRG-1973-POS-0018
|z Connect to the full text of this electronic book
|t 0
|
| 998 |
|
|
|a cis07301455
|
| 999 |
|
|
|a MARS
|
| 999 |
f |
f |
|s f6b90c5e-73e8-37ce-96d9-6e40f503bdbb
|i 3aa94a6f-f58c-3763-bea5-a4aaa2a265a6
|t 0
|
| 952 |
f |
f |
|a Texas A&M University
|b College Station
|c Electronic Resources
|s www_evans
|d Available Online
|t 0
|e HRG-1973-POS-0018
|h Other scheme
|
| 998 |
f |
f |
|a HRG-1973-POS-0018
|t 0
|l Available Online
|